| 000 | 01175cam a2200361Mi 4500 | ||
|---|---|---|---|
| 001 | 50740 | ||
| 005 | 20230411090005.0 | ||
| 008 | 060425s2005 sp 000 0 spa d | ||
| 035 | _a(OCoLC)ocm68088174 | ||
| 040 |
_aPL# _bspa _cPL# _dBAKER _dBTCTA _dYDXCP |
||
| 019 | _a150340521 | ||
| 020 | _a8497883691 | ||
| 020 | _a9788497883696 | ||
| 029 | 0 |
_aPL# _b060007667 |
|
| 035 |
_a(OCoLC)68088174 _z(OCoLC)150340521 |
||
| 041 | 0 | _aspaeng | |
| 049 | _aGRAL | ||
| 245 | 0 | 0 |
_aSociedad on-line : _binternet en contexto / _cPhilip N. Howard y Steve Jones (editores). |
| 250 | _a1 ed. | ||
| 260 |
_aBarcelona : _bEditorial UOC, _cc2005. |
||
| 300 |
_a401 p. ; _c23 cm. |
||
| 440 | 0 | _aColección Nuevas tecnologís y sociedad | |
| 504 | _aBibliografía: p. [387]-401. | ||
| 653 |
_aInternet _aAspectos sociales |
||
| 700 | 1 |
_aHoward, Philip N, _eed. |
|
| 700 | 1 |
_aJones, Steve, _eed. |
|
| 938 |
_aPuvill Libros _bPUVL _n8497883691 _c$44.11 |
||
| 938 |
_aBaker and Taylor _bBTCP _nBK0006735489 |
||
| 938 |
_aBaker & Taylor _bBKTY _c59.95 _d59.95 _i8497883691 _n0006735489 _sactive |
||
| 938 |
_aYBP Library Services _bYANK _n2569406 |
||
| 942 |
_2lcc _cbk |
||
| 994 |
_aC0 _bDRFGD |
||
| 999 |
_c110512 _d110512 |
||